[Event "East European zonal 3 (w)"]
[Site "Brno CSR"]
[Date "1989.??.??"]
[Round "17"]
[White "Veroci-Petronic, Zsuzsa"]
[Black "Stanciu, Gabriela"]
[Result "1/2-1/2"]
[WhiteElo "2340"]
[BlackElo "2215"]
[EventDate "1989.09.23"]
[PlyCount "112"]

1.e4 e5 2.Nf3 Nc6 3.Bb5 a6 4.Ba4 Nf6 5.O-O Be7 6.Re1 b5 7.Bb3 d6 8.c3 O-O 
9.h3 Be6 10.d4 Bxb3 11.axb3 exd4 12.cxd4 d5 13.e5 Ne4 14.Nc3 f5 15.exf6 
Bxf6 16.Nxe4 dxe4 17.Rxe4 Qd5 18.Rg4 Ne7 19.Bh6 Nf5 20.Bg5 h5 21.Rf4 Bxg5 
22.Nxg5 Nxd4 23.Qxd4 Qxg5 24.Rxf8+ Rxf8 25.Re1 c5 26.Qd6 Qf5 27.Qe6+ Qxe6 
28.Rxe6 Rf4 29.Rxa6 Rb4 30.Rc6 c4 31.bxc4 bxc4 32.Rc5 g6 33.h4 Kf7 34.Rc6 
Rxb2 35.Rxc4 Kf6 36.Rf4+ Kg7 37.Kh2 Rb3 38.g3 Ra3 39.f3 Ra2+ 40.Kh3 Rf2 
41.g4 hxg4+ 42.Kxg4 Rg2+ 43.Kh3 Ra2 44.Rb4 Kf6 45.Kg4 Ra6 46.Rb5 Rc6 47.h5
gxh5+ 48.Rxh5 Kg6 49.Rb5 Rc4+ 50.f4 Rc6 51.Rg5+ Kf6 52.Rh5 Rc4 53.Rh6+ Kg7
54.Rb6 Rc5 55.f5 Rc1 56.Rg6+ Kf7 1/2-1/2

[Event "East European zonal 3 (w)"]
[Site "Brno CSR"]
[Date "1989.??.??"]
[Round "17"]
[White "Wagner-Michel, Annett"]
[Black "Genova, Ruzhka"]
[Result "1/2-1/2"]
[WhiteElo "2190"]
[BlackElo "2210"]
[EventDate "1989.09.23"]
[PlyCount "38"]

1.e4 c5 2.Nf3 e6 3.d4 cxd4 4.Nxd4 Nf6 5.Nc3 d6 6.g3 a6 7.Bg2 Qc7 8.O-O Nc6
9.Re1 Be7 10.Nxc6 bxc6 11.e5 dxe5 12.Rxe5 Nd5 13.Qe1 O-O 14.Nxd5 cxd5 15.
Bxd5 exd5 16.Rxe7 Qxc2 17.Qc3 Qd1+ 18.Re1 Qg4 19.f3 Qa4 1/2-1/2